Vida del beato Diego José de Cádiz, misionero apostólico capuchino
Đã lưu trong:
| Tác giả chính: | |
|---|---|
| Định dạng: | Sách |
| Ngôn ngữ: | Tiếng Tây Ban Nha |
| Được phát hành: |
Sevilla
Divina Pastora
1926
|
| Những chủ đề: | |
| Các nhãn: |
Thêm thẻ
Không có thẻ, Là người đầu tiên thẻ bản ghi này!
|
MARC
| LEADER | 00000nam a2200000 a 4500 | ||
|---|---|---|---|
| 001 | UCI6693 | ||
| 003 | CL-VaPUC | ||
| 008 | 080523e19260000SP |||||||||||||||||spa|d | ||
| 082 | 0 | 4 | |a 922.2 |b UBR |2 21 |
| 100 | 0 | |a Ubrique, Sebastián de |e author |9 529655 | |
| 245 | 1 | 0 | |a Vida del beato Diego José de Cádiz, misionero apostólico capuchino |
| 300 | |a v | ||
| 942 | |c BK | ||
| 945 | |d 20080523 00:00:00 |a rbrito | ||
| 260 | |a Sevilla |b Divina Pastora |c 1926 | ||
| 500 | |a Donación Padres Capuchinos | ||
| 600 | 0 | 7 | |a DIEGO JOSE DE CADIZ |2 CL-VaPUC |9 529656 |
| 650 | 0 | |a Biografías |9 255210 | |
| 650 | 0 | |a Vida espiritual |9 307811 | |
| 650 | 7 | |a CAPUCHINOS |2 CL-VaPUC |9 404279 | |
| 650 | 7 | |a ORDEN RELIGIOSA |2 CL-VaPUC |9 529657 | |
| 651 | 0 | |a España |9 254926 | |
| 583 | |a last modification |c 20080523 00:00:00 |k Rodrigo Vera | ||
| 999 | |c 330143 |d 330141 | ||
| 952 | |0 0 |1 0 |4 0 |6 922_200000000000000_UBR_1926 |7 0 |8 X |9 415525 |a FDOBUD |b FDOBUD |d 2019-11-22 |h v.2 |i 444289K |o 922.2 UBR 1926 |p 444289K |r 2019-11-22 |w 2019-11-22 |y BK_X |k BUD | ||